[Event "Amersham e2e4 Major op"]
[Site "Amersham"]
[Date "2012.05.20"]
[Round "4"]
[White "Billett, Stephen"]
[Black "Ganner, Tony"]
[Result "1-0"]
[WhiteElo "1691"]
[BlackElo "1462"]
[PlyCount "71"]
[EventDate "2012.05.18"]
[EventType "swiss"]
[EventRounds "5"]
[EventCountry "ENG"]
[SourceTitle "EXT 2014"]
[Source "ChessBase"]
[SourceDate "2013.11.20"]
[SourceVersion "1"]
[SourceVersionDate "2013.11.20"]
[SourceQuality "1"]

1. e4 c5 2. Nc3 a6 3. g3 d6 4. Bg2 Nc6 5. d3 e5 6. f4 f5 7. Nf3 Nf6 8. exf5 exf4 9. Bxf4 Qe7+ 10. Kf2 Ng4+ 11. Kf1 Bxf5 12. Qd2 Qd7 13. Re1+ Be6 14. Ng5 Nd4 15. Nxe6 Nxe6 16. Qe2 Ne5 17. Bxe5 dxe5 18. Qxe5 0-0-0 19. Qxe6 c4 20. Qxd7+ Kxd7 21. dxc4 Kc8 22. Bd5 Bc5 23. Kg2 Rhf8 24. Rhf1 g5 25. Rxf8 Rxf8 26. Re2 h6 27. a3 Bd4 28. Na4 b5 29. cxb5 axb5 30. Nc3 Bxc3 31. bxc3 Rf6 32. Re6 Rxe6 33. Bxe6+ Kc7 34. c4 Kb6 35. cxb5 Kxb5 36. Bd7+ 1-0

[Event "Amersham e2e4 Major op"]
[Site "Amersham"]
[Date "2012.05.19"]
[Round "3"]
[White "Ganner, Tony"]
[Black "Green, John"]
[Result "0-1"]
[WhiteElo "1462"]
[BlackElo "1718"]
[PlyCount "104"]
[EventDate "2012.05.18"]
[EventType "swiss"]
[EventRounds "5"]
[EventCountry "ENG"]
[SourceTitle "EXT 2014"]
[Source "ChessBase"]
[SourceDate "2013.11.20"]
[SourceVersion "1"]
[SourceVersionDate "2013.11.20"]
[SourceQuality "1"]

1. d4 Nf6 2. c4 e6 3. Nc3 Bb4 4. Qc2 c5 5. Nf3 cxd4 6. Nxd4 Qb6 7. e3 Nc6 8. Nxc6 bxc6 9. a3 Bxc3+ 10. Qxc3 0-0 11. c5 Qc7 12. Be2 a5 13. b4 Nd5 14. Qb2 axb4 15. axb4 Rxa1 16. Qxa1 Nxb4 17. Qb2 Nd5 18. f4 Bb7 19. Bd2 Rb8 20. Qe5 Qxe5 21. fxe5 Ra8 22. Kf2 Ra2 23. Rd1 Rb2 24. e4 Nb4 25. Bxb4 Rxb4 26. Rxd7 Kf8 27. h4 Ke8 28. Rc7 g6 29. g4 Kf8 30. Kf3 Rb3+ 31. Kf2 Rb2 32. Kf3 Rb4 33. Kf2 Kg7 34. g5 Ba8 35. Rc8 Ra4 36. Kg3 Rxe4 37. Bf3 Ra4 38. Bxc6 Bxc6 39. Rxc6 Re4 40. Rc7 Rxe5 41. Kf3 Rf5+ 42. Ke4 Kf8 43. Kd4 Rf4+ 44. Ke5 Rxh4 45. Kf6 Rf4+ 46. Ke5 Rf5+ 47. Kd6 Rd5+ 48. Kc6 Rxg5 49. Rd7 Rd5 50. Rxd5 exd5 51. Kxd5 Ke7 52. c6 Kd8 0-1

[Event "Amersham e2e4 Major op"]
[Site "Amersham"]
[Date "2012.05.18"]
[Round "1"]
[White "Ganner, Tony"]
[Black "Wiggins, Andrew"]
[Result "1-0"]
[WhiteElo "1462"]
[BlackElo "1702"]
[PlyCount "57"]
[EventDate "2012.05.18"]
[EventType "swiss"]
[EventRounds "5"]
[EventCountry "ENG"]
[SourceTitle "EXT 2014"]
[Source "ChessBase"]
[SourceDate "2013.11.20"]
[SourceVersion "1"]
[SourceVersionDate "2013.11.20"]
[SourceQuality "1"]

1. d4 d5 2. c4 e6 3. Nc3 Nf6 4. Nf3 Be7 5. Bf4 a6 6. h3 Nbd7 7. cxd5 exd5 8. e3 0-0 9. Qc2 c5 10. Be2 b5 11. a3 Bb7 12. dxc5 Nxc5 13. 0-0 Rc8 14. Rad1 Nce4 15. Be5 b4 16. axb4 Bxb4 17. Qb3 Nxc3 18. bxc3 Bxc3 19. Bxf6 Qxf6 20. Qxb7 Rfd8 21. Rxd5 a5 22. Rfd1 Rb8 23. Qc7 Rdc8 24. Qf4 Rb2 25. Rd6 Qe7 26. Rd7 Qf6 27. Bc4 Rf8 28. Rxf7 Qxf4 29. Rxf4+ 1-0

[Event "High Wycombe e2e4 Intermediate op 03"]
[Site "High Wycombe"]
[Date "2012.03.17"]
[Round "3"]
[White "Hung, Dylan"]
[Black "Ganner, Tony"]
[Result "1/2-1/2"]
[WhiteElo "1414"]
[BlackElo "1462"]
[PlyCount "120"]
[EventDate "2012.03.16"]
[EventType "swiss"]
[EventRounds "5"]
[EventCountry "ENG"]
[SourceTitle "EXT 2014"]
[Source "ChessBase"]
[SourceDate "2013.11.20"]
[SourceVersion "1"]
[SourceVersionDate "2013.11.20"]
[SourceQuality "1"]

1. c4 e6 2. g3 Nf6 3. Bg2 d5 4. cxd5 exd5 5. e3 c5 6. Ne2 Nc6 7. d4 c4 8. a3 Be7 9. Nbc3 Bf5 10. Nf4 Be6 11. b3 cxb3 12. Qxb3 Na5 13. Qa2 Rc8 14. Ncxd5 0-0 15. Nxe6 fxe6 16. Nxf6+ Rxf6 17. 0-0 Kf8 18. Bb2 Nc4 19. Rfd1 Nxb2 20. Qxb2 b6 21. d5 exd5 22. Rxd5 Qe8 23. Qb5 Qxb5 24. Rxb5 Bc5 25. Rc1 Rd6 26. Rb2 Ke7 27. Re2 Kd8 28. a4 Rd3 29. Bf1 Ra3 30. Rd2+ Ke7 31. Bb5 Rc7 32. e4 a6 33. Bxa6 Rxa4 34. Bb5 Rxe4 35. Bd3 Bxf2+ 36. Kxf2 Rxc1 37. Bxe4 h6 38. Rb2 Rc4 39. Bf3 Rd4 40. Rxb6 Rd6 41. Rxd6 Kxd6 42. Bh5 g5 43. Kf3 Ke5 44. Kg4 Kf6 45. h4 gxh4 46. gxh4 Kg7 47. Kf5 Kh7 48. Kf6 Kg8 49. Kg6 Kh8 50. Kxh6 Kg8 51. Be8 Kh8 52. h5 Kg8 53. Ba4 Kh8 54. Bc2 Kg8 55. Kg6 Kh8 56. h6 Kg8 57. Kf6 Kh8 58. Ke7 Kg8 59. h7+ Kh8 60. Bg6 Kg7 1/2-1/2